Statistics for 左側通行の国・地域

Click here to take the quiz!

General Stats

  • This quiz has been taken 68 times
  • The average score is 31 of 57

Answer Stats

国・地域名% Correct
日本
96%
イギリス
94%
アジアインド
91%
タイ
89%
ニュージーランド
85%
オセアニアオーストラリア
83%
インドネシア
83%
南アフリカ共和国
83%
ヨーロッパアイルランド
79%
シンガポール
75%
マレーシア
74%
パキスタン
72%
ケニア
70%
バングラデシュ
66%
ネパール
66%
ブータン
64%
ツバル
62%
スリランカ
62%
パプアニューギニア
62%
香港
58%
タンザニア
57%
レソト
57%
ガイアナ
55%
フィジー
55%
マカオ
55%
トンガ
53%
ナミビア
53%
東ティモール
51%
ブルネイ
51%
ナウル
49%
キリバス
49%
モルディブ
49%
ジンバブエ
47%
エスワティニ
47%
ジャマイカ
45%
ボツワナ
45%
アフリカウガンダ
45%
ドミニカ国
43%
モザンビーク
43%
サモア
43%
スリナム
43%
北アメリカアンティグア・バーブーダ
42%
ソロモン諸島
42%
セントビンセント・グレナディーン
42%
ザンビア
42%
トリニダード・トバゴ
40%
キプロス
40%
マルタ
38%
セーシェル
36%
バハマ
34%
セントクリストファー・ネイビス
34%
モーリシャス
34%
マラウイ
32%
セントルシア
30%
グレナダ
30%
バルバドス
21%
南アメリカヴァージン諸島
11%

Score Distribution

Percentile by Number Answered

Percent of People with Each Score

Your Score History

You have not taken this quiz